Almanach reklamy na Slovensku 1994
Saved in:
| Format: | Book |
|---|---|
| Language: | Slovak |
| Published: |
Bratislava
Via Classis
1994
|
| Subjects: | |
| Tags: |
No Tags, Be the first to tag this record!
|
MARC
| LEADER | 00000nam a2200000 4500 | ||
|---|---|---|---|
| 001 | c005447 | ||
| 005 | 20240325081208.9 | ||
| 020 | |a 80-967137-0-1 | ||
| 041 | 0 | |a slo | |
| 044 | |a SK | ||
| 245 | 1 | 0 | |a Almanach reklamy na Slovensku 1994 |
| 264 | 1 | |a Bratislava |b Via Classis |c 1994 | |
| 300 | |a 219 s. | ||
| 610 | 2 | 0 | |a reklama |
| 610 | 2 | 0 | |a Slovensko |
| 610 | 2 | 0 | |a sponzorovanie |
| 610 | 2 | 0 | |a výskum trhu |
| 610 | 2 | 0 | |a propagácia |